Visualizzazione normale
Vista MARC
- Goyret, Philip,
di Personal Name
Records bibliografici associati: 2
001 - CONTROL NUMBER
- control field: 35139
003 - CONTROL NUMBER IDENTIFIER
- control field: IT-RoINE
005 - DATE AND TIME OF LATEST TRANSACTION
- control field: 20170601053140.0
008 - FIXED-LENGTH DATA ELEMENTS
- fixed length control field: 170601|| aca||aabn | a|a d
040 ## - CATALOGING SOURCE
- Original cataloging agency: IT-RoINE
- Transcribing agency: IT-RoINE
100 ## - HEADING--PERSONAL NAME
- Personal name: Goyret, Philip,
- Dates associated with a name: 1956-
670 ## - SOURCE DATA FOUND
- Source citation: Work cat.: (IT-RoINE)0: Dizionario di ecclesiologia / , 2010.